000 00757nam a2200205 a 4500
001 000040461
005 20201002034139.0
008 130821s2008 mx r 000 0 spa d
020 _a9789703237319
040 _aDO-SdBNP
_bspa
_cBNPHU
100 1 _aRilke,Rainer María
_966756
245 1 3 _aA los jóvenes poetas /
_cRainer María Rilke, Charles Baudelaire; presentación de Vicente Quirarte.
260 _aMéxico :
_bUniversiad Nacional Autónoma de México
_bAcademia Mexicana de la Lengua,
_c2008.
300 _a90 p. ;
_c18 cm.
490 1 _aPrequeños grandes ensayos
_v38
590 _aInventariado, 2019/BT
700 1 _aBaudelaire, Charles
_911305
700 1 _aQuirarte, Vicente,
_epres.
_966757
830 0 _aPrequeños grandes ensayos
_n38
_966758
999 _c39951
_d39951